009090000a220013300045001000029000002450118000293000031001475200382001786500043005607730057006039420008006609520090006689990017007581 aMejía Botero, Liliana.10aLa pedagogía basada en la investigación: una propuesta generada desde la práctica reflexiva de los maestros ano.42 (dic.,2009), p.62-65 aEl programa ondas de Colciencias pretende crear una cultura de la investigación y la innovación en la población infantil y juvenil de Colombia. Para ello, en Caldas se ha venido aplicando una pedagogía basada en la investigación, cuyo objetivo es la potenciación del pensamiento científico, tecnológico y crítico en los niños, los jóvenes y los maestros.14aEDUCACION DE NIÑOS - INVESTIGACIONES0 tRevista internacional magisterio : educación y ped cANA 001040708HEMaFUSBCbFUSBCd2016-01-26l0o r2016-01-26 00:00:00w2016-01-26yANA c63089d63089